000 01416nam a22003497a 4500
003 OSt
005 20250127035415.0
008 250127b ||||| |||| 00| 0 eng d
040 _bEnglish.
_cCvSU-CCAT Campus Library.
_erda.
050 _aUM TX 771
_bH43 2005
100 _aHebron, Glenn A., author.
_914291
245 _aA feasibility study in establishing "Cakes N' Cream Bakeshop" in Poblacion, Kawit, Cavite /
_cGlenn A. Hebron, Joseph C. Nazaire, Michael Dennis V. Manlangit.
260 _aRosario, Cavite :
_bCavite State University-CCAT Campus,
_c2005.
300 _axi, 62 leaves :
_billustrations ;
_c28 cm
500 _aA Feasibility Study (BSHRM)--Cavite State University-CCAT Campus, 2005.
504 _aIncludes bibliographical references and appendices.
520 _aThesis Abstract:
546 _aIn English text.
650 _aCakes and Cream Bakeshop.
_914292
650 _aGraham cake.
_914293
650 _aSpecialty cakes.
_914294
650 _aHomemade.
_910116
650 _aCelebration cakes.
_914295
650 _aCreamy filling.
_914296
650 _aAffordable prices.
_913779
650 _aFeasibility.
_913546
700 _aNazaire, Joseph C., author.
_914297
700 _aManlangit, Michael Dennis V., author.
_914298
700 _aVentura, Elizabeth A., adviser.
_98816
942 _2lcc
_cT/M/D
_hTX 771 H43 2005
_kUM
999 _c3816
_d3816